[Event "Athens of East GM-Open 2019"]
[Site "Madurai"]
[Date "2019.08.15"]
[Round "7.8"]
[White "Mosadeghpour, Masoud"]
[Black "Kiran, Manisha Mohanty"]
[Result "1-0"]
[WhiteElo "2494"]
[BlackElo "2054"]
[Annotator "TA"]
[PlyCount "91"]
[EventDate "2019.08.11"]
[EventType "swiss"]
[EventCountry "IND"]
[SourceTitle "playchess.com"]
[Source "ChessBase"]
[SourceQuality "1"]

{[%evp 22,91,56,53,108,121,135,129,141,102,122,122,127,108,120,114,139,139,139,139,139,139,138,139,147,139,159,151,222,214,231,231,231,231,243,243,250,240,239,228,243,239,242,214,234,226,376,408,416,429,484,467,621,608,613,611,759,781,1641,1667,1605,1616,1599,1565,1466,1440,705,688,6252,6252,6252,6241]} 1. e4 c5 2. Nf3 d6 3. d4 cxd4 4. Nxd4 Nf6 5. Nc3 Nc6 6. Bg5 e6 7. Qd2 Be7 8. O-O-O Nxd4 9. Qxd4 O-O 10. h4 Qa5 11. Kb1 Rd8 12. Qd2 Kh8 {B63: Sicilian: Richter-Rauzer: 7...Be7 and unusual Black 7th moves} (12... Bd7 $14) (12... b6 13. f3 Bb7 14. Qf2 Rac8 15. Nb5 a6 16. Bd2 Rxc2 17. Bxa5 Rxf2 18. Bxb6 Nxe4 19. Bxd8 Bxd8 20. Nxd6 Nd2+ 21. Kc1 {1-0 (41) Luther,T (2526)-Miroshnichenko,E (2647) Cappelle-la-Grande 2008}) 13. Bd3 $146 ({Predecessor:} 13. f4 Bd7 14. Bd3 Bc6 15. Qe2 Rd7 16. e5 dxe5 17. fxe5 Ng8 18. Bxh7 Rxd1+ 19. Rxd1 Bxg5 20. hxg5 {1-0 (41) Akshayraj,K (2404)-Bird,A (2164) Canberra 2009}) 13... Ng8 14. Bxe7 Nxe7 {White is better.} 15. Qg5 Nc6 16. Qxa5 Nxa5 17. Be2 b6 18. Nb5 Ba6 19. Nxd6 {[%mdl 64] [#] Discovered Attack} Rxd6 20. Bxa6 ({Don't play} 20. Rxd6 Bxe2 21. Rd7 Nc4 $14) 20... Rad8 21. Rxd6 Rxd6 {[%mdl 4096] Endgame KRB-KRN} 22. Kc1 Kg8 23. Rh3 Nc6 24. Rc3 {[#] aiming for e5!} f6 (24... g6 $16 25. Rd3 Rxd3 26. Bxd3 (26. cxd3 f6 $16) 26... Kf8) 25. Bb5 $18 Nd4 26. Rc8+ Kf7 27. Rc7+ Kf8 28. a4 a5 29. c3 Nb3+ 30. Kc2 Na1+ 31. Kb1 Nb3 32. Ka2 Nc5 33. f3 Rd2 (33... e5 $142 34. Bc4 Ne6 35. Bxe6 Rxe6) 34. Rc6 Rxg2 35. Rxb6 Ke7 {White is clearly winning.} 36. Rc6 Nd7 37. Rc7 Rd2 38. f4 g6 39. Kb1 Kd8 40. Rxd7+ Rxd7 41. Bxd7 Kxd7 {KP-KP} 42. Kc2 Kc6 43. b4 Kb6 44. Kd3 h6 45. h5 gxh5 46. Ke3 {Accuracy: White = 97%, Black = 41%.} 1-0

[Event "Athens of East GM-Open 2019"]
[Site "Madurai"]
[Date "2019.08.15"]
[Round "7.9"]
[White "Lokesh, N.."]
[Black "Laxman, R.R."]
[Result "0-1"]
[WhiteElo "2202"]
[BlackElo "2429"]
[Annotator "TA"]
[PlyCount "84"]
[EventDate "2019.08.11"]
[EventType "swiss"]
[EventCountry "IND"]
[SourceTitle "playchess.com"]
[Source "ChessBase"]
[SourceQuality "1"]

{[%evp 9,84,49,48,31,20,19,26,4,32,0,25,17,8,4,3,0,11,0,9,24,11,0,0,0,0,0,0,0,10,0,10,9,8,0,13,0,7,0,0,-26,-28,-32,-24,-30,-22,-37,-7,-36,-11,-14,-20,-22,0,-22,-14,-20,-11,-22,-11,-10,-10,-65,-65,-64,-9,-10,-8,-9,-10,-53,-52,-56,-62,-453,-442,-5061,-5036]} 1. e4 e5 2. Nf3 Nc6 3. Nc3 Bb4 4. Nd5 Nf6 5. c3 (5. Bc4 O-O 6. Nxb4 Nxb4 7. d3 d5 8. exd5 Nfxd5 9. O-O Bg4 10. c3 Nc6 11. h3 Bh5 12. Re1 Nb6 13. Bb5 {0-1 (47) Kabanov,N (2535)-Mikhalchenko,P (2382) Tomsk 2011}) 5... Bd6 6. Nxf6+ $146 {C46: 3 Nc3: Unusual Black 3rd moves} ({Predecessor:} 6. Bd3 O-O 7. O-O b6 8. Ng5 Bb7 9. b4 Nxd5 10. exd5 Qxg5 11. dxc6 Bxc6 12. g3 Rae8 13. b5 Bd5 14. Qc2 e4 15. Be2 Bc5 16. Qa4 a5 {0-1 (16) Loren-Walters,B CServe email 1995}) 6... Qxf6 7. g3 Bc5 8. Bg2 {White has an edge.} d6 9. O-O (9. b4 $5 {[%cal Rb4c5]} Bb6 10. d3 $11) 9... O-O 10. d3 a5 11. Bg5 Qg6 12. Qd2 Qh5 13. Nh4 h6 (13... f6 $5 14. Be3 $8 Bxe3 15. Qxe3 a4 $11) 14. Be3 Bxe3 15. fxe3 Qg5 16. Rf2 Be6 17. d4 Ne7 18. Nf3 Qh5 19. Nh4 f6 20. Bf3 Qf7 21. Qd1 g6 22. Bg4 h5 ({Wrong is} 22... Bxa2 $2 23. d5 $18) 23. Bxe6 Qxe6 24. Qb3 (24. Qd3 {looks sharper.} Kg7 25. a3 a4 26. Qb5 b6 27. Nf3) 24... Qxb3 25. axb3 Kg7 26. Rff1 b6 27. Ra4 c5 28. Rfa1 Rab8 29. b4 axb4 30. cxb4 Rf7 31. Rc1 (31. Nf3 {is more complex.} Rb7 32. d5 Nc8 33. Ra8 Rfc7 34. b5) 31... exd4 32. exd4 Nc6 33. bxc5 {d5 is the strong threat.} bxc5 34. dxc5 dxc5 35. Nf3 (35. Rxc5 $11 Ne5 36. Rc2) 35... Rxb2 $15 36. Rxc5 {[#]} Rd7 (36... Ne5 $1 $15 {[%mdl 512]} 37. Nxe5 fxe5) 37. Rd5 $11 Rdb7 38. Rc4 Re2 {( -> ...Rb1+)} 39. Rd1 {[#]} (39. Kf1 $5 {[%cal Rf1e2]} Rbb2 40. Rxc6 Rf2+ {[%mdl 64] Double Attack} 41. Ke1 Rxf3 42. Rd7+ Kh6 43. Rd2 Rb1+ 44. Ke2 $11) 39... Ne5 $1 {[%mdl 512]} 40. Nxe5 fxe5 41. Kf1 $2 {[%mdl 8192]} (41. Rc3 $15) 41... Rxh2 $19 {Strongly threatening ...Rh1+.} 42. Rc5 (42. Kg1 $142 Re2 43. Kf1) 42... Rh1+ {Accuracy: White = 41%, Black = 45%.} 0-1

[Event "Athens of East GM-Open 2019"]
[Site "Madurai"]
[Date "2019.08.15"]
[Round "7.10"]
[White "Muthaiah AL"]
[Black "Kunal, M.."]
[Result "1-0"]
[WhiteElo "2384"]
[BlackElo "2306"]
[Annotator "TA"]
[PlyCount "105"]
[EventDate "2019.08.11"]
[EventType "swiss"]
[EventCountry "IND"]
[SourceTitle "playchess.com"]
[Source "ChessBase"]
[SourceQuality "1"]

{[%evp 10,105,32,24,34,17,8,11,23,23,31,27,31,30,33,4,12,4,22,0,0,-6,6,13,0,2,15,0,0,0,6,0,0,0,0,0,0,0,0,0,0,0,0,0,4,0,37,34,51,0,0,0,0,0,0,0,234,218,506,496,601,495,479,456,456,459,456,481,445,381,376,366,455,454,551,547,687,604,1070,1065,1113,1102,1001,983,926,940,1287,1293,1342,1264,1140,1002,5739,5655,2052,1724,29983,29984]} 1. c4 c6 2. Nc3 d5 3. e3 e6 4. Nf3 f5 5. b3 Nf6 6. Bb2 Bd6 {A11: English Opening: 1...c6} 7. Be2 (7. cxd5 exd5 8. g3 Nbd7 9. Ne2 Qe7 10. Bg2 Ne5 11. Nxe5 Bxe5 12. Bxe5 Qxe5 13. O-O O-O 14. b4 {1-0 (55) Bocharov,D (2533)-Yudin,S (2507) Khanty-Mansiysk 2018}) 7... O-O 8. Qc2 Bd7 {The position is equal.} 9. d4 Ne4 10. O-O Be8 11. Ne5 Nd7 12. Nxd7 $146 ({Predecessor:} 12. f4 Nxc3 13. Bxc3 Nf6 {½-½ (13) Kaszowski,D (2312)-Krzesaj,R (2263) Wysowa 2005}) 12... Bxd7 13. g3 Be8 14. f4 Nf6 15. a4 Qe7 16. c5 Bc7 17. b4 {[%cal Bb3b4,Bb4b5][%mdl 32]} Bh5 18. b5 Bxe2 19. Qxe2 Ba5 20. Nd1 Ne4 21. Nf2 Nd2 22. Rfd1 Nc4 23. Nd3 Qe8 24. Ne5 Nxe5 25. dxe5 a6 {[%cal Rc6b5]} 26. bxc6 bxc6 27. Bd4 Qf7 28. Rab1 Qa7 29. Rb3 (29. Rb6 $14) 29... Rfb8 $11 30. Rdb1 Bc7 31. g4 Rxb3 32. Rxb3 g6 $2 (32... Rb8 $11 33. Rxb8+ Qxb8) 33. gxf5 $18 {[%mdl 64] [#] Overworked Piece} gxf5 $2 (33... exf5 {was worth a try.} 34. e6 Bd8) 34. Qh5 {Hoping for Qg5+.} Ba5 35. Qg5+ Qg7 36. Qxg7+ Kxg7 {[%mdl 4096] Endgame KRB-KRB} 37. Rb7+ Kf8 38. Rxh7 {[#] Threatens to win with Rh8+.} Bd8 39. Rb7 Ke8 40. Kg2 a5 41. Rh7 Rb8 42. h4 Rb4 43. Rh8+ Kd7 44. h5 Rc4 45. h6 Rc2+ 46. Kg3 {aiming for Rxd8+!} Rc1 47. Rh7+ Ke8 48. Ra7 Rh1 49. h7 Kf8 50. Ra8 Ke7 51. Bc3 Kd7 52. Bxa5 Bxa5 53. Rxa5 {Accuracy: White = 64%, Black = 53%.} 1-0

[Event "Athens of East GM-Open 2019"]
[Site "Madurai"]
[Date "2019.08.15"]
[Round "7.11"]
[White "Nikhil Magizhnan"]
[Black "Konguvel, Ponnuswamy"]
[Result "1-0"]
[WhiteElo "2164"]
[BlackElo "2343"]
[Annotator "TA"]
[PlyCount "91"]
[EventDate "2019.08.11"]
[EventType "swiss"]
[EventCountry "IND"]
[SourceTitle "playchess.com"]
[Source "ChessBase"]
[SourceQuality "1"]

{[%evp 16,123,4,10,37,35,30,-14,0,-18,21,24,60,0,7,11,7,22,156,152,158,158,163,131,136,58,65,57,45,42,47,58,65,52,60,62,56,64,127,137,379,385,358,344,421,439,409,301,280,297,274,280,329,324,308,299,348,290,275,286,319,321,310,304,404,320,312,288,341,282,350,343,341,331,389,381,519,453,576,543,626,689,689,689,682,681,658,666,657,654,617,575,1255,1074,1039,801,1569,1512,3022,5832,11582,6245,5214,5214,29981,29980,29983,29984,29985,29986]} 1. e4 c5 2. c3 Nf6 3. e5 Nd5 4. Nf3 Nc6 5. g3 d6 6. exd6 e6 7. Bg2 Bxd6 8. O-O O-O 9. d4 Qe7 {B22: Sicilian: 2 c3} (9... cxd4 10. Nxd4 Bd7 11. c4 Nf6 12. Nc3 Nxd4 13. Qxd4 Qc7 14. Nb5 Bxb5 15. cxb5 Bc5 16. Bf4 Qb6 17. Qc4 Rac8 18. Qe2 Bd4 19. a4 Rc5 20. Rad1 e5 21. b4 exf4 22. bxc5 Bxc5 {½-½ (45) Kamsky,G (2666)-Potkin,V (2597) St Petersburg 2018}) 10. dxc5 Bxc5 11. Nbd2 $146 (11. b4 $5 {[%cal Rb4c5]} Bb6 12. Qb3 $11) ({Predecessor:} 11. a3 a5 12. Qc2 Nf6 13. Nbd2 e5 14. Ng5 h6 15. Nge4 Nxe4 16. Nxe4 Bb6 17. Nd2 {0-1 (42) Ekdyshman,M (2369)-Pavlidis,A (2479) Pardubice 2014}) 11... Rd8 {The position is equal.} 12. Qc2 h6 13. b4 Bd6 14. b5 ({White should try} 14. Bb2 $14) 14... Ne5 $11 15. Nxe5 Bxe5 16. Bb2 b6 (16... a6 $11 {keeps the balance.}) 17. Rae1 $1 $16 {[%cal Re1e5]} Bf6 18. c4 Nb4 19. Bxf6 gxf6 20. Qe4 (20. Qc3 $16 Rb8 21. Ne4) 20... Bb7 $1 $14 {[%cal Rb7e4]} 21. Qg4+ Kh7 $1 22. Bxb7 $1 Qxb7 23. Ne4 $36 {[%cal Bd2e4,Be4f6,Bf6d5][%mdl 2080] White has the initiative.} Qe7 $1 {White must now prevent ...f5.} 24. Qh4 Kg7 25. Re3 $1 {[%cal Re3f3] aiming for Rf3.} Rd7 26. Qg4+ Kh8 ({Better is} 26... Kf8 $14) 27. Qf3 $1 $16 Rad8 $2 (27... f5 $16) 28. Nxf6 $18 Rd4 29. a3 Nc2 30. Rc3 Rd2 {Hoping for ...Nd4.} 31. Qf4 {[%cal Rf4h6]} Qf8 {[#]} 32. Nd5 $1 {[%mdl 512]} Re2 (32... exd5 33. Qxd2) 33. Qf3 Rd2 {[#]} 34. Qf6+ $1 ({Resist} 34. Qf4 Re2 $18) 34... Kh7 35. Qf4 Re2 36. Qf3 Nd4 {[#]} 37. Qd3+ $1 {[%mdl 64] Double Attack} f5 38. Qxd4 {Nf6+ is the strong threat.} exd5 39. cxd5 Re7 40. Rd3 Re4 41. Qb2 Qd6 42. Qc3 Re5 43. Rfd1 Rd7 44. Rd4 Rde7 45. a4 Re2 46. Rc4 {Played: Qc3-d3} 1-0

[Event "Athens of East GM-Open 2019"]
[Site "Madurai"]
[Date "2019.08.15"]
[Round "7.13"]
[White "Murali Krishnan B T"]
[Black "Harshavardhan G B"]
[Result "1-0"]
[WhiteElo "2192"]
[BlackElo "2391"]
[Annotator "TA"]
[PlyCount "171"]
[EventDate "2019.08.11"]
[EventType "swiss"]
[EventCountry "IND"]
[SourceTitle "playchess.com"]
[Source "ChessBase"]
[SourceQuality "1"]

{[%evp 10,171,29,25,38,0,0,-10,12,0,31,13,46,50,73,73,73,63,66,60,68,21,84,83,89,76,79,40,55,43,47,17,105,20,28,20,68,-10,0,0,10,-63,195,0,228,45,35,34,45,34,57,29,27,0,0,0,8,-12,0,0,0,-60,-52,-93,-82,-85,-61,-110,-98,-104,-92,-189,-172,-209,-168,-154,-131,-135,-135,-70,-71,-110,-112,-126,20,20,24,0,0,0,0,0,8,8,39,0,0,0,0,0,12,0,0,0,0,0,249,249,248,249,245,235,199,173,154,159,457,441,783,770,831,383,372,0,766,770,1127,429,1154,1135,1037,1037,1154,1154,1038,928,29965,29960,29967,29968,29968,29968,29967,29969,29969,29966,29964,610,29964,29966,29966,29967,29967,29967,29965,29966,29967,29969,29966,29966,29971,29972,29974,29975]} 1. d4 Nf6 2. Nf3 e6 3. c4 Bb4+ 4. Nbd2 O-O 5. a3 Be7 6. e4 d6 {E11: Bogo-Indian} (6... d5 7. e5 Nfd7 8. Bd3 c5 9. h4 g6 10. O-O Nc6 11. Nb3 dxc4 12. Bxc4 cxd4 13. Re1 a5 14. Bh6 Re8 15. Rc1 Nb6 {1-0 (39) Ding,L (2804)-Saric,I (2689) Batumi 2018}) 7. b4 a5 8. b5 c5 $146 {The position is equal.} ({Predecessor:} 8... Nbd7 9. Bb2 e5 10. Be2 Re8 11. O-O exd4 12. Nxd4 Bf8 13. Qc2 Nc5 14. f3 {1-0 (60) Van Wely,L (2654)-Horvath,A (2531) Rabat 2014}) 9. bxc6 bxc6 10. Qc2 d5 11. e5 $36 {[%mdl 2048] Black is under pressure.} Ne8 12. Bd3 h6 13. O-O Ba6 14. Rd1 Nd7 15. Bb2 Nb6 (15... Nc7 $11 {remains equal.}) 16. c5 $16 {Bxa6 is the strong threat.} Bxd3 17. Qxd3 Nd7 18. Bc3 a4 19. Nf1 Nc7 20. Ng3 f5 (20... f6 $11 {keeps the balance.}) 21. exf6 (21. Rdb1 $16) 21... Bxf6 22. Re1 Qe8 23. Bd2 (23. Nf5 $14) 23... Qf7 $11 24. Rab1 Nb5 25. Re2 (25. Rb4 $11) 25... g5 $2 {[%mdl 8192] [#]} (25... e5 $1 $15 {keeps the upper hand.} 26. dxe5 Nxc5) 26. h3 $2 (26. Rxe6 $1 $18 {[%mdl 512]} Nxa3 (26... Qxe6 27. Qg6+) 27. Rbe1) 26... Rfb8 $2 {[#]} (26... Rfe8 $11 {and Black has nothing to worry.}) 27. Rbe1 $2 ({Only move:} 27. Rxe6 $1 $18 {[%mdl 512]} Nxd4 (27... Qxe6 28. Qg6+) 28. Rxb8+ (28. Nxd4 Nxc5 29. Qf5 Nxe6 $14) 28... Rxb8 29. Rxf6 (29. Nxd4 Bxd4 30. Qf5 Rb3 $15) 29... Qxf6 30. Nxd4 (30. Qxd4 Qxd4 31. Nxd4 Rb1+ 32. Kh2 Nxc5 $14) 30... Nxc5 31. Qc3 Rb1+ 32. Kh2) 27... Nc7 $14 {And now ...Rb3 would win.} 28. Bb4 Re8 29. Re3 Nb5 30. Qd1 Re7 31. R3e2 Bg7 32. Qd3 Rf8 33. Qd1 (33. Bd2 {keeps more tension.} Rfe8 34. Re3 Rf8 35. Bc1 Qe8 36. Qd1) 33... Ree8 34. Re3 Qg6 35. Qd2 ({White should play} 35. Ne2 $11) 35... h5 $15 36. Qd3 Qxd3 37. Rxd3 Rxf3 38. gxf3 Bxd4 39. Nxh5 Kf7 40. f4 (40. Kf1 $17) 40... Rh8 $19 41. Ng3 gxf4 42. Ne2 Ne5 ({Don't play} 42... Bxc5 43. Nxf4 Bxb4 44. axb4 $15) 43. Rxd4 Nf3+ {[%mdl 64] Double Attack} 44. Kf1 Nbxd4 45. Nxd4 Nxd4 46. Bc3 Rxh3 (46... e5 $1 $17 47. Rxe5 Nb5 48. Rf5+ {[%mdl 64] Discovered Attack} Kg6 49. Rf6+ Kg5) 47. Bxd4 $11 Rxa3 $17 {[%mdl 4096] Endgame KRB-KR} 48. Kg2 Rd3 49. Be5 a3 50. Bxf4 a2 51. Be5 Rb3 {next ...Rb1 is good for Black.} 52. Ra1 (52. Re2 {is interesting.} Ra3 53. Ba1 Ke7 54. Kf1 Kd7 55. Ke1) 52... Ra3 53. f4 Kg6 54. Kf2 Kf5 55. Ke2 Ke4 56. Kd2 d4 57. Kc2 Ke3 $2 {[#]} (57... Kd5 $11) 58. Re1+ $1 $18 Kf2 59. Rd1 Kf3 60. Bxd4 Kxf4 61. Re1 Ra4 {[#]} 62. Kd3 $1 Kf5 $2 (62... Ra5 $16 63. Bc3 Rxc5) 63. Bc3 Ra3 (63... Rh4 $142 64. Re5+ Kg6) 64. Kc4 Ra8 65. Re5+ (65. Kb3 $142 Kf4 66. Kb2 (66. Rxe6 a1=Q $16)) 65... Kf6 66. Re1+ $2 (66. Re3+ $18 Kf5 67. Re5+ Kg4 68. Re1 (68. Rxe6 a1=R $16)) 66... Kf7 $2 {[%mdl 8192]} (66... Kf5 $11) 67. Kb3 Ra7 68. Rg1 (68. Ra1 $142 Kg6 69. Rxa2) 68... Ra8 (68... e5 $142 69. Bxe5 Ra5) 69. Ra1 Rb8+ 70. Bb4 e5 71. Rxa2 Ke6 72. Rd2 Rc8 73. Bc3 e4 74. Rd6+ Kf5 75. Rf6+ Kg4 76. Kc4 Kg5 77. Re6 Kf5 78. Re7 (78. Rh6 $142 Kg5 79. Rd6 e3 80. Kd3 e2 81. Kxe2 Kh5 82. Kf3 Kg5 83. Ke4) 78... Kf4 79. Rf7+ {White mates.} Ke3 80. Bd4+ Ke2 81. Rf2+ Kd1 82. Rf6 Ke2 83. Re6 Kf3 84. Kc3 Kf4 85. Rf6+ Kg4 86. Kd2 {Accuracy: White = 42%, Black = 43%.} 1-0

[Event "Athens of East GM-Open 2019"]
[Site "Madurai"]
[Date "2019.08.15"]
[Round "7.14"]
[White "Lakshmi Narayanan M V"]
[Black "Raja Rithvik R"]
[Result "1/2-1/2"]
[WhiteElo "2166"]
[BlackElo "2357"]
[Annotator "TA"]
[PlyCount "137"]
[EventDate "2019.08.11"]
[EventType "swiss"]
[EventCountry "IND"]
[SourceTitle "playchess.com"]
[Source "ChessBase"]
[SourceQuality "1"]

{[%evp 9,137,24,24,25,29,28,31,29,35,31,35,8,22,11,20,7,0,0,0,11,9,0,0,-4,21,12,35,17,24,3,6,0,21,7,8,11,14,2,53,46,36,40,129,123,130,101,149,91,123,131,121,139,189,174,264,231,223,113,115,110,119,99,147,133,151,176,171,164,179,153,203,70,190,0,9,0,0,0,0,0,0,0,8,0,0,0,0,0,0,0,0,0,25,13,8,0,53,27,186,145,113,80,80,80,80,80,80,80,80,80,80,80,80,60,60,31,38,38,46,38,38,38,38,22,37,31,31,31,31,0]} 1. d4 Nf6 2. c4 e6 3. Nf3 d5 4. Nc3 a6 5. cxd5 exd5 6. Bg5 {D37: Queen's Gambit Declined: 5 Bf4} Be6 7. e3 Nbd7 8. Bd3 Bd6 $146 (8... h6 9. Bf4 g5 10. Bg3 Nh5 11. Be5 Nhf6 12. Bg3 Nh5 13. Ne2 Nxg3 14. Nxg3 {1-0 (61) Leko,P (2679)-Caruana,F (2832) Germany 2019}) ({Predecessor:} 8... h6 9. Bh4 Bd6 10. O-O O-O 11. Qc2 Re8 12. Rac1 {½-½ (29) Tomczak,M (2394)-Kasimdzhanov,R (2676) Karlsruhe 2018}) 9. O-O O-O 10. Rc1 c6 11. Qc2 h6 12. Bh4 Re8 13. Bg3 Bxg3 14. hxg3 Rc8 15. Na4 Ne4 16. b4 Qe7 17. Nc5 Nd6 18. a4 Bg4 19. Nh2 Be6 20. Nf3 Bg4 21. Nd2 h5 22. Rfe1 $36 {[%mdl 2048] White fights for an advantage.} Qg5 23. Nf1 Nf6 (23... Qf6 $11) 24. f3 $14 Bf5 25. Bxf5 {[%mdl 64] [#] Overworked Piece} Nxf5 (25... Qxf5 $14 26. Qxf5 Nxf5) 26. Nxb7 $16 Rc7 27. Na5 Rb8 28. Qf2 (28. Qd3 $142) 28... Rxb4 29. Rxc6 Rxc6 30. Nxc6 Rb6 31. Ne5 {aiming for f4.} Nd6 (31... Ne8 {might work better.} 32. e4 dxe4) 32. Rc1 Qf5 33. Qc2 (33. Qa2 $18) 33... Qxc2 34. Rxc2 Rb1 35. Kf2 Kf8 36. Rc6 Nf5 37. Rxa6 Rb2+ {[#]} 38. Ke1 $1 Rxg2 39. Ra8+ Ne8 40. Rd8 (40. Nd3 $18) 40... Ra2 ({Black should try} 40... Nfd6 $1 $14) 41. e4 $2 ({White must play} 41. Rxd5 $18 {Hoping for e4.} Ra1+ 42. Ke2) 41... Nxd4 42. Rxd5 Rxa4 43. Rd7 f6 44. Ng6+ Kg8 45. Nd2 Nc6 46. Nf4 Ne5 47. Rd8 Kf7 48. Nxh5 Nc7 49. f4 Ne6 50. Rd5 Ra1+ 51. Ke2 Nc6 52. f5 Nf8 ({Black should play} 52... Ned4+ $11 53. Kd3 Ra3+ 54. Kc4 Ra2) 53. Rc5 Rh1 $2 (53... Ra6 $11 {and Black stays safe.}) 54. Rxc6 Rxh5 $18 {[%mdl 4096] Endgame KRN-KRN} 55. Rc7+ Kg8 56. Nf3 {And now Rc8 would win.} g6 57. g4 Rh7 58. Rc8 {Strongly threatening e5.} gxf5 59. gxf5 Ra7 60. Ke3 Kf7 61. Kf4 Nd7 62. Rc4 Ra1 63. Rc7 Ke7 64. Rc2 Rf1 65. Ke3 Ra1 66. Rh2 Kd6 67. Rh6 {White is slightly better.} Ke7 68. Rh7+ Kd6 69. Rh6 {Accuracy: White = 41%, Black = 56%.} 1/2-1/2

[Event "Athens of East GM-Open 2019"]
[Site "Madurai"]
[Date "2019.08.15"]
[Round "7.15"]
[White "Rathnakaran, K.."]
[Black "Baivab Mishra"]
[Result "0-1"]
[WhiteElo "2344"]
[BlackElo "2215"]
[Annotator "TA"]
[PlyCount "40"]
[EventDate "2019.08.11"]
[EventType "swiss"]
[EventCountry "IND"]
[SourceTitle "playchess.com"]
[Source "ChessBase"]
[SourceQuality "1"]

{[%evp 9,88,-16,-22,-41,-16,-59,-34,-34,-33,-26,-27,-28,-28,-37,-32,-56,-37,-31,0,0,0,-37,-42,-34,-43,-43,-32,-37,-29,-60,-51,-147,-120,-119,-128,-112,-108,-112,-108,-186,-181,-177,-172,-183,-176,-171,-176,-189,-175,-231,-227,-275,-271,-250,-250,-245,-240,-299,-290,-278,-285,-533,-539,-507,-483,-437,-344,-389,-331,-589,-582,-582,-575,-591,-566,-5189,-4686,-29979,-29980,-29990,-29991]} 1. e4 c5 2. Nf3 g6 3. h4 h5 (3... h6 4. Bc4 Nc6 5. d3 Bg7 6. Nc3 a6 7. a3 e6 8. Ba2 Nge7 9. Bf4 d6 10. Qd2 b5 11. Nd1 {0-1 (57) Moussard,J (2605)-Lagarde,M (2604) chess.com INT 2019}) 4. Bc4 Bg7 5. c3 Nf6 6. Qc2 $146 {B27: Sicilian: 2 Nf3, unusual Black 2nd moves} ({Predecessor:} 6. e5 Ng4 7. d4 O-O 8. Ng5 d5 9. Be2 Nc6 10. e6 fxe6 11. Bxg4 hxg4 12. Qxg4 {0-1 (21) Rathnakaran,K (2456)-Akshat,K (2362) Dubai 2016}) 6... d5 7. Bb5+ Bd7 8. Bxd7+ {Black is slightly better.} Qxd7 ({Don't play} 8... Kxd7 9. d3 $14) 9. e5 Ng4 10. d4 Nc6 11. O-O O-O 12. Re1 e6 13. Bf4 Qc7 14. Na3 Qb6 {[%cal Rc5d4]} 15. Qd2 cxd4 16. cxd4 Rfc8 17. Nc2 Rc7 18. Rec1 Rac8 19. b3 Bf8 20. Nfe1 (20. Bg5 $15) 20... Nb4 {Played: Nc6xd4} 0-1

[Event "Athens of East GM-Open 2019"]
[Site "Madurai"]
[Date "2019.08.15"]
[Round "7.16"]
[White "Surendran N"]
[Black "Saravana, Krishnan P."]
[Result "0-1"]
[WhiteElo "2152"]
[BlackElo "2277"]
[Annotator "ChessBase"]
[PlyCount "54"]
[EventDate "2019.08.11"]
[EventType "swiss"]
[EventCountry "IND"]
[SourceTitle "playchess.com"]
[Source "ChessBase"]
[SourceQuality "1"]
[TimeControl "5400+30"]

1. c4 {[%emt 0:00:00]} e5 {[%emt 0:01:45]} 2. Nc3 {[%emt 0:00:01]} Nf6 {[%emt 0:05:56]} 3. Nf3 {[%emt 0:00:06]} Nc6 {[%emt 0:02:33]} 4. e3 {[%emt 0:00:07]} Bb4 {[%emt 0:10:25]} 5. Qc2 {[%emt 0:00:08]} d6 {[%emt 0:02:08]} 6. a3 {[%emt 0:00:51]} Bxc3 {[%emt 0:00:16]} 7. Qxc3 {[%emt 0:00:02]} Bg4 {[%emt 0:01:51]} 8. b3 {[%emt 0:01:09]} Qe7 {[%emt 0:00:30]} 9. Bb2 {[%emt 0:00:17]} a5 {[%emt 0:09:46]} 10. d3 {[%emt 0:01:18]} Bxf3 {[%emt 0:06:01]} 11. gxf3 {[%emt 0:03:27]} d5 {[%emt 0:00:57]} 12. cxd5 {[%emt 0:02:09]} Nxd5 {[%emt 0:03:37]} 13. Qc4 {[%emt 0:00:47]} Nb6 {[%emt 0:03:34]} 14. Qg4 {[%emt 0:16:56]} g6 {[%emt 0:01:11]} 15. f4 {[%emt 0:03:34]} f5 {[%emt 0:07:26]} 16. Qd1 {[%emt 0:01:36]} Rf8 {[%emt 0:00:29]} 17. fxe5 {[%emt 0:04:19]} f4 {[%emt 0:02:15]} 18. e4 {[%emt 0:19:55]} Nxe5 {[%emt 0:04:26]} 19. Qc2 {[%emt 0:00:45]} O-O-O {[%emt 0:10:50]} 20. O-O-O {[%emt 0:04:15]} Rf6 {[%emt 0:01:49]} 21. Kb1 {[%emt 0:00:14]} Rc6 {[%emt 0:04:32]} 22. Qe2 {[%emt 0:05:10]} Qe6 {[%emt 0:03:00]} 23. Bh3 {[%emt 0:06:23]} Qxh3 {[%emt 0:00:09]} 24. Bxe5 {[%emt 0:00:02]} Qe6 {[%emt 0:00:39]} 25. Qb2 {[%emt 0:00:19]} Na4 {[%emt 0:01:04]} 26. bxa4 {[%emt 0:04:44]} Rb6 {[%emt 0:00:05]} 27. Qxb6 {[%emt 0:01:26]} Qxb6+ {[%emt 0:00:13]} 0-1